Ο Ηλίας Τσιριμώκος και η πορεία του Σοσιαλισμού 1945-1967
Αποθηκεύτηκε σε:
| Κύριος συγγραφέας: | |
|---|---|
| Άλλοι συγγραφείς: | |
| Μορφή: | Βιβλίο |
| Γλώσσα: | Greek |
| Δημοσίευση: |
Αθήνα :
Προσκήνιο,
2002.
|
| Σειρά: | Πολιτική και ιστορία (Προσκήνιο)
|
| Θέματα: | |
| Ετικέτες: |
Προσθήκη ετικέτας
Δεν υπάρχουν, Καταχωρήστε ετικέτα πρώτοι!
|
MARC
| LEADER | 00000cam a2200000 a 4500 | ||
|---|---|---|---|
| 001 | 1/124730 | ||
| 008 | 220419s2002####gr ||||||| |||| ||gre|| | ||
| 020 | |a 9607057961 | ||
| 040 | |a GR-MyUa |b gre |c GR-MyUa |e AACR2 | ||
| 041 | 0 | |a gre | |
| 082 | 7 | |a 938.78 |2 (23) | |
| 100 | 1 | |a Λεονταρίτης, Γεώργιος Α. | |
| 245 | 1 | 2 | |a Ο Ηλίας Τσιριμώκος και η πορεία του Σοσιαλισμού 1945-1967 / |c Γιώργος Α. Λεονταρίτης ; επιμέλεια έκδοσης Άγγελος Σιδεράτος. |
| 260 | |a Αθήνα : |b Προσκήνιο, |c 2002. | ||
| 300 | |a 124 σ. ; |c 24 εκ. | ||
| 490 | 1 | |a (Πολιτική και Ιστορία) | |
| 600 | 1 | 0 | |a Τσιριμώκος, Ηλίας. |
| 650 | 0 | |a Socialism |z Greece |x History |y 20th century. | |
| 651 | 0 | |a Greece |x Politics and government |y 20th century. | |
| 700 | 1 | |a Σιδεράτος, Άγγελος, |e edt | |
| 830 | 0 | |a Πολιτική και ιστορία (Προσκήνιο) | |
| 852 | |a INST |b LESVOS |e 20220419 |h 938.78 ΛΕΟ |p 005100064363 |q 005100064363 |t BK |y 0 | ||
| 970 | |a Δημάκη |b Μαρία |z 19-04-2022 | ||